Govt. of
Madhya Pradesh

Normal view MARC view

Entry Personal Name

Number of records used in: 0

001 - CONTROL NUMBER

  • control field: 73132

003 - CONTROL NUMBER IDENTIFIER

  • control field: OSt

005 - DATE AND TIME OF LATEST TRANSACTION

  • control field: 20181103120325.0

008 - FIXED-LENGTH DATA ELEMENTS

  • fixed length control field: 181103|| aca||aabn | a|a d

040 ## - CATALOGING SOURCE

  • Original cataloging agency: OSt
  • Transcribing agency: OSt

100 ## - HEADING--PERSONAL NAME

  • Personal name: दहिया ,पूनम दलाल

670 ## - SOURCE DATA FOUND

  • Source citation: Work cat.: (OSt): दहिया ,पूनम दलाल , प्राचीन और मध्‍यकालीन भारत, 2018